000 00509cam a2200193ua 4500
001 2780
008 150216n ii |||gr||||Z||||||asm
040 _cMAIN
041 _aasm
082 _a891.4512
100 _aRajbangshi, Paramananda,
_eAuthor.
245 _aAsomiya natak :
_bparampara aru paribartan /
_ced. by Paramananda Rajbangshi
250 _a1st.
260 _aGuahati:
_bChandra prakash,995.
300 _a170p:
_c23cm.
653 _aAssamese drama
653 _aAsomiya natak
942 _cBK
999 _c2629
_d2629